=LDR 00000nam 2200000 4500 =001 INLIS000000000008716 =005 20130612100542 =008 ***********************************Ind** =035 ##$$0010-061300000008716 =041 ##$$a Ind =090 ##$$a 2x1.1, Sha m =100 ##$$a As-Shalil, Subhi =245 ##$$a Membahas Ilmu - Ilmu Al-Qur'an, Dr.Subhi as-Shalil; Penerjemah, Tim =260 ##$$a 1993 $b Jakarta =300 ##$$a 463 hlm, 21 cm =650 ##$$a Al-Qur'an dan Kajian